The character of prose / (Record no. 8898)
[ view plain ]
| 000 -LEADER | |
|---|---|
| fixed length control field | 00568nam a2200217 a 4500 |
| 001 - CONTROL NUMBER | |
| JCCL Control Number | 8898 |
| 003 - CONTROL NUMBER IDENTIFIER | |
| JCCL marc code | BD-JhCC |
| 005 - DATE AND TIME OF LATEST TRANSACTION | |
| control field | 20191019082349.0 |
| 008 - FIXED-LENGTH DATA ELEMENTS--GENERAL INFORMATION | |
| fixed length control field | 180525s1959 enk 00 eng d |
| 035 ## - SYSTEM CONTROL NUMBER | |
| system control number | (BD - JhCC)8898 |
| 040 ## - CATALOGING SOURCE | |
| Original cataloging agency | BD - JhCC |
| Modifying agency | BD - JhCC |
| 041 ## - LANGUAGE CODE | |
| Language code of Book | eng |
| 082 ## - DEWEY DECIMAL CLASSIFICATION NUMBER | |
| Author mark and Year | DOU 1959 |
| Classification number | 824.08 |
| 100 0# - MAIN ENTRY--PERSONAL NAME | |
| Personal name | Douglas, Wallace |
| 245 ## - TITLE STATEMENT | |
| Title | The character of prose / |
| Statement of responsibility, etc | Wallace Douglas |
| 260 ## - PUBLICATION, DISTRIBUTION, ETC. (IMPRINT) | |
| Place of publication, distribution, etc | Boston : |
| Name of publisher, distributor, etc | Houghton Mifflin Company, |
| Date of publication, distribution, etc | 1959. |
| 300 ## - PHYSICAL DESCRIPTION | |
| Pagination | various pages |
| Dimensions | 19cm. |
| 650 ## - SUBJECT ADDED ENTRY--TOPICAL TERM | |
| Topical term or geographic name as entry element | American essays |
| 650 ## - SUBJECT ADDED ENTRY--TOPICAL TERM | |
| Topical term or geographic name as entry element | English essays |
| 942 ## - ADDED ENTRY ELEMENTS (KOHA) | |
| Source of classification or shelving scheme | Dewey Decimal Classification |
| Koha item type | Books |
| Source of classification or shelving scheme | Damaged status | Not for loan | Home library | Current library | Shelving location | Total Checkouts | Full call number | Barcode | Date last seen | Copy number | Koha item type | Date of accession | Date checked out |
|---|---|---|---|---|---|---|---|---|---|---|---|---|---|
| Dewey Decimal Classification | JCC Rouf Library | JCC Rouf Library | General Stacks | 824.08 DOU 1959 | 11913 | 03/05/2018 | C - 1 | Books | |||||
| Dewey Decimal Classification | JCC Rouf Library | JCC Rouf Library | General Stacks | 824.08 DOU 1959 | 12183 | 03/08/2018 | C - 3 | Books | |||||
| Dewey Decimal Classification | JCC Rouf Library | JCC Rouf Library | General Stacks | 1 | 824.08 DOU 1959 | 12200 | 03/03/2024 | C - 2 | Books | 11/22/2023 | 11/22/2023 |